Normal view
MARC view
Entry Término temático
001 - NÚMERO DE CONTROL
- campo de control: 174662
003 - IDENTIFICADOR DEL NÚMERO DE CONTROL
- campo de control: OSt
005 - FECHA Y HORA DE LA ÚLTIMA TRANSACCIÓN
- campo de control: 20220127161327.0
008 - DATOS DE LONGITUD FIJA
- campo de control de longitud fija: 220127|| aca||aabn | a|a d
040 ## - FUENTE DE LA CATALOGACIÓN
- Centro catalogador/agencia de origen: OSt
- Centro/agencia transcriptor: OSt
150 ## - ENCABEZAMIENTO--TÉRMINO DE MATERIA
- Término de materia o nombre geográfico como elemento de entrada: Phalaris minor Retz
670 ## - FUENTE DE DATOS ENCONTRADOS
- Cita de la fuente: Work cat.: (OSt)208339: Flores Flores, Jhony Angel 41523, Alelopatía de extractos de semillas de avena silvestre (Avena fatua L.) y alpiste (Phalaris minor Retz) Sobre la germinación de trigo (Triticum aestivum L.) en laboratorio en Chapingo, Méx. /
